000 00339nam a2200133Ia 4500
005 20251222144852.0
008 251222s9999||||xx |||||||||||||| ||spa||
020 _a950-550-242-7
082 _a371.334/Z47
100 _aZabala, Horacio R.
245 0 _aTecnologĂ­a para Docentes
264 _bMagisterio del Rio de la Plata
942 _cLIB
999 _c21650
_d21650